[Event "Winnipeg op"]
[Site "Winnipeg CAN"]
[Date "2017.06.06"]
[Round "1"]
[White "Bince, Rolando"]
[Black "Letain, Cory"]
[Result "1-0"]
[WhiteElo "2051"]
[BlackElo "1632"]
[WhiteFideId "-1"]
[WhiteFideId "-1"]
[PlyCount "105"]
[GameId "2160767908411227"]
[EventDate "2017.06.06"]
[EventType "swiss"]
[EventRounds "8"]
[EventCountry "CAN"]
[SourceTitle "EXT 2022"]
[Source "ChessBase"]
[SourceDate "2021.10.06"]
[SourceVersion "1"]
[SourceVersionDate "2021.10.06"]
[SourceQuality "1"]

1. c4 d6 2. d4 g6 3. Nf3 Bg7 4. Nc3 Nf6 5. e4 O-O 6. Be2 c5 7. dxc5 dxc5 8. Qxd8 Rxd8 9. O-O Nc6 10. Be3 b6 11. h3 e5 12. Bg5 h6 13. Bxf6 Bxf6 14. Nd5 Kg7 15. Rad1 Bb7 16. Nh2 Nd4 17. Bg4 h5 18. Bf3 Rd7 19. g3 Rad8 20. Bg2 Be7 21. Kh1 f5 22. Nf3 Nxf3 23. Bxf3 fxe4 24. Bxe4 h4 25. Kg2 hxg3 26. fxg3 a5 27. Rf3 b5 28. b3 a4 29. Rdf1 Bxd5 30. Bxd5 axb3 31. axb3 bxc4 32. Rf7+ Kh6 33. bxc4 Bg5 34. R7f2 Be3 35. Ra2 Rxd5 36. cxd5 Rxd5 37. Kf3 Bd4 38. Ke4 Rd6 39. Rf7 c4 40. Ra8 Rc6 41. Rh8+ Kg5 42. Rff8 c3 43. Rc8 Rf6 44. Rh4 Rf2 45. Rg4+ Kh6 46. Rc6 c2 47. Rgxg6+ Kh7 48. Rge6 Bb2 49. Rc7+ Kg8 50. Re8+ Rf8 51. Rxf8+ Kxf8 52. Rxc2 Bd4 53. Rc7 1-0

[Event "Winnipeg op"]
[Site "Winnipeg CAN"]
[Date "2017.06.06"]
[Round "1"]
[White "Gannon, Keith"]
[Black "Evans, Jason"]
[Result "1/2-1/2"]
[WhiteElo "1618"]
[BlackElo "1619"]
[WhiteFideId "-1"]
[WhiteFideId "-1"]
[PlyCount "60"]
[GameId "2160767908411228"]
[EventDate "2017.06.06"]
[EventType "swiss"]
[EventRounds "8"]
[EventCountry "CAN"]
[SourceTitle "EXT 2022"]
[Source "ChessBase"]
[SourceDate "2021.10.06"]
[SourceVersion "1"]
[SourceVersionDate "2021.10.06"]
[SourceQuality "1"]

1. e4 e6 2. Nf3 d5 3. exd5 exd5 4. d4 Nf6 5. Be2 Be7 6. O-O O-O 7. Bf4 Bg4 8. h3 Bh5 9. Nbd2 Nbd7 10. Ne5 Bxe2 11. Qxe2 Re8 12. Nxd7 Qxd7 13. Rfe1 c6 14. Qf3 Bd6 15. Bxd6 Qxd6 16. Rxe8+ Rxe8 17. c3 a5 18. a4 Qb8 19. Rd1 b5 20. axb5 Qxb5 21. b3 Re6 22. g3 Ne4 23. c4 Nxd2 24. Rxd2 Qb7 25. cxd5 cxd5 26. Qc3 h6 27. Qxa5 Qxb3 28. Qa1 Qb4 29. Qd1 Re4 30. Kg2 Kh7 1/2-1/2

[Event "Winnipeg op"]
[Site "Winnipeg CAN"]
[Date "2017.06.06"]
[Round "1"]
[White "Goodman, Clifford"]
[Black "Babb, Jeff"]
[Result "0-1"]
[WhiteElo "1667"]
[BlackElo "2120"]
[WhiteFideId "-1"]
[WhiteFideId "-1"]
[PlyCount "64"]
[GameId "2160767908411229"]
[EventDate "2017.06.06"]
[EventType "swiss"]
[EventRounds "8"]
[EventCountry "CAN"]
[SourceTitle "EXT 2022"]
[Source "ChessBase"]
[SourceDate "2021.10.06"]
[SourceVersion "1"]
[SourceVersionDate "2021.10.06"]
[SourceQuality "1"]

1. d4 Nf6 2. c4 c5 3. Nf3 g6 4. g3 cxd4 5. Nxd4 Nc6 6. Bg2 Bg7 7. O-O Qb6 8. Nxc6 bxc6 9. Nc3 O-O 10. Qc2 Rb8 11. b3 d6 12. Bb2 Bf5 13. e4 Be6 14. h3 Rb7 15. Na4 Qc7 16. Rac1 Nd7 17. Bxg7 Kxg7 18. Qc3+ f6 19. f4 Rbb8 20. Kh2 c5 21. Rfd1 Kg8 22. g4 g5 23. f5 Bf7 24. Qg3 Kg7 25. Nb2 Qa5 26. Na4 Rh8 27. h4 h6 28. h5 Ne5 29. Kh3 Bxc4 30. Nxc5 dxc5 31. bxc4 Qxa2 32. Ra1 Qb3 0-1

[Event "Winnipeg op"]
[Site "Winnipeg CAN"]
[Date "2017.06.06"]
[Round "1"]
[White "Jenkins, Mark"]
[Black "Czypinski, Jaroslaw"]
[Result "0-1"]
[WhiteElo "1409"]
[BlackElo "1959"]
[WhiteFideId "-1"]
[WhiteFideId "-1"]
[PlyCount "74"]
[GameId "2160767908411230"]
[EventDate "2017.06.06"]
[EventType "swiss"]
[EventRounds "8"]
[EventCountry "CAN"]
[SourceTitle "EXT 2022"]
[Source "ChessBase"]
[SourceDate "2021.10.06"]
[SourceVersion "1"]
[SourceVersionDate "2021.10.06"]
[SourceQuality "1"]

1. d4 b6 2. c4 Bb7 3. Nc3 e6 4. Bf4 Nf6 5. h3 Bb4 6. a3 Bxc3+ 7. bxc3 O-O 8. Nf3 d6 9. Bg5 Nbd7 10. e3 Qe8 11. Bd3 Ne4 12. Bxe4 Bxe4 13. O-O Nf6 14. Qe2 Bb7 15. Nd2 Ne4 16. Nxe4 Bxe4 17. f3 Bb7 18. Rfb1 a5 19. Rb3 Ba6 20. e4 Qa4 21. Rb2 Bxc4 22. Be3 Bxe2 23. Rxe2 Qc4 24. Rb2 Qxc3 25. Bc1 Qxd4+ 26. Kh2 f5 27. exf5 Rxf5 28. Raa2 Qe5+ 29. Kg1 Qe1+ 30. Kh2 Qxc1 31. Rc2 Qf4+ 32. Kg1 Rc5 33. Rf2 Rc1+ 34. Rf1 Rxf1+ 35. Kxf1 Qc4+ 36. Kg1 Qxa2 37. g4 Rf8 0-1

[Event "Winnipeg op"]
[Site "Winnipeg CAN"]
[Date "2017.06.06"]
[Round "1"]
[White "Magyar, Peter"]
[Black "Khedkar, Jay"]
[Result "0-1"]
[WhiteElo "1559"]
[BlackElo "2027"]
[WhiteFideId "-1"]
[WhiteFideId "-1"]
[PlyCount "98"]
[GameId "2160767908411231"]
[EventDate "2017.06.06"]
[EventType "swiss"]
[EventRounds "8"]
[EventCountry "CAN"]
[SourceTitle "EXT 2022"]
[Source "ChessBase"]
[SourceDate "2021.10.06"]
[SourceVersion "1"]
[SourceVersionDate "2021.10.06"]
[SourceQuality "1"]

1. d4 f5 2. Bf4 Nf6 3. h3 e6 4. Nf3 c5 5. c3 Nc6 6. Nbd2 b6 7. e3 Bb7 8. Be2 Be7 9. O-O O-O 10. Rc1 d5 11. a3 Bd6 12. Ne5 Ne4 13. Ndf3 g5 14. Nxc6 Bxc6 15. Bxd6 Qxd6 16. Ne5 Be8 17. Qe1 f4 18. Bg4 Qe7 19. Qe2 Nd6 20. Bh5 f3 21. Bxf3 Bb5 22. c4 Nxc4 23. Rfd1 Nxe5 24. Qxb5 Nxf3+ 25. gxf3 Rxf3 26. dxc5 bxc5 27. Rxc5 Raf8 28. Rd2 Rxh3 29. Rcc2 g4 30. Qf1 Qh4 31. Qg2 Rff3 32. Rd4 h5 33. Rc8+ Kf7 34. Rf4+ Rxf4 35. exf4 Rf3 36. Rc7+ Kf6 37. Rc8 Rd3 38. Rc1 g3 39. Rf1 gxf2+ 40. Rxf2 Rg3 41. Qxg3 Qxg3+ 42. Rg2 Qe3+ 43. Rf2 d4 44. Kg2 d3 45. Rf3 Qe2+ 46. Rf2 Qg4+ 47. Kf1 h4 48. f5 e5 49. Ke1 Qg1+ 0-1

[Event "Winnipeg op"]
[Site "Winnipeg CAN"]
[Date "2017.06.06"]
[Round "1"]
[White "Nones, Teodulfo II"]
[Black "Prince, Colin"]
[Result "1-0"]
[WhiteElo "2281"]
[BlackElo "1863"]
[WhiteFideId "-1"]
[WhiteFideId "-1"]
[PlyCount "39"]
[GameId "2160767908411232"]
[EventDate "2017.06.06"]
[EventType "swiss"]
[EventRounds "8"]
[EventCountry "CAN"]
[SourceTitle "EXT 2022"]
[Source "ChessBase"]
[SourceDate "2021.10.06"]
[SourceVersion "1"]
[SourceVersionDate "2021.10.06"]
[SourceQuality "1"]

1. e4 e5 2. Nf3 Nc6 3. Bb5 a6 4. Ba4 Nf6 5. O-O Nxe4 6. d4 b5 7. Bb3 d5 8. dxe5 Be6 9. c3 Bc5 10. Nbd2 O-O 11. Qe2 Nxd2 12. Bxd2 h6 13. h3 Qe7 14. Bc2 f5 15. exf6 Rxf6 16. Qd3 g5 17. Rae1 Qf7 18. Rxe6 Rxe6 19. Qxd5 Bxf2+ 20. Rxf2 1-0

[Event "Winnipeg op"]
[Site "Winnipeg CAN"]
[Date "2017.06.06"]
[Round "1"]
[White "Reimer, Bruce"]
[Black "Wiebe, Isaac"]
[Result "0-1"]
[WhiteElo "1692"]
[BlackElo "2235"]
[WhiteFideId "-1"]
[WhiteFideId "-1"]
[PlyCount "78"]
[GameId "2160767908411233"]
[EventDate "2017.06.06"]
[EventType "swiss"]
[EventRounds "8"]
[EventCountry "CAN"]
[SourceTitle "EXT 2022"]
[Source "ChessBase"]
[SourceDate "2021.10.06"]
[SourceVersion "1"]
[SourceVersionDate "2021.10.06"]
[SourceQuality "1"]

1. c4 e5 2. g3 Nf6 3. Bg2 d5 4. cxd5 Nxd5 5. Nc3 Nb6 6. Nf3 Nc6 7. O-O Be7 8. e3 O-O 9. a3 Re8 10. d3 Bf5 11. d4 exd4 12. exd4 Bf6 13. d5 Ne5 14. Nxe5 Bxe5 15. Qb3 Bd3 16. Rd1 Bc4 17. Qc2 Bxc3 18. bxc3 Re2 19. Qf5 Bb3 20. Rf1 Bxd5 21. Bxd5 Qxd5 22. Qg4 Rae8 23. Bh6 Qe5 24. Bf4 Qe4 25. Rad1 c6 26. Rd4 Qe6 27. Qg5 Nd5 28. Bd2 h6 29. Qh5 Nf6 30. Qf3 Re4 31. Rd3 Qg4 32. Qxg4 Rxg4 33. Re3 Rxe3 34. Bxe3 Ra4 35. Ra1 Nd5 36. Bd4 b6 37. Kf1 c5 38. Be5 f6 39. Bf4 Nxf4 0-1

[Event "Winnipeg op"]
[Site "Winnipeg CAN"]
[Date "2017.06.06"]
[Round "1"]
[White "Remillard, John"]
[Black "Boron, Anthony"]
[Result "0-1"]
[WhiteElo "1636"]
[BlackElo "2058"]
[WhiteFideId "-1"]
[WhiteFideId "-1"]
[PlyCount "94"]
[GameId "2160767740842473"]
[EventDate "2017.06.06"]
[EventType "swiss"]
[EventRounds "8"]
[EventCountry "CAN"]
[SourceTitle "EXT 2022"]
[Source "ChessBase"]
[SourceDate "2021.10.06"]
[SourceVersion "1"]
[SourceVersionDate "2021.10.06"]
[SourceQuality "1"]

1. d4 Nf6 2. Nf3 e6 3. Bf4 c5 4. e3 Qb6 5. b3 Nc6 6. Be2 d5 7. O-O Bd7 8. Nc3 cxd4 9. Na4 Qa5 10. exd4 Ne4 11. Nb2 Ba3 12. Nd3 Rc8 13. Qe1 Qc3 14. Qxc3 Nxc3 15. Bd1 O-O 16. Nc5 Bxc5 17. dxc5 Ne4 18. Ne5 Nxe5 19. Bxe5 Nxc5 20. Be2 Rfe8 21. c4 Bc6 22. cxd5 Bxd5 23. b4 Ne4 24. a4 f6 25. Bd4 b6 26. a5 e5 27. Be3 Bc4 28. Rfe1 Bxe2 29. Rxe2 Nc3 30. Rd2 Red8 31. Rxd8+ Rxd8 32. axb6 axb6 33. Bxb6 Rb8 34. Bc5 Nd5 35. Rb1 Nc3 36. Rb3 Ne4 37. Be3 Rb5 38. f3 Nd6 39. Bc5 Nb7 40. Rc3 Kf7 41. Kf2 h5 42. Ke3 Ke6 43. Kd3 Kd5 44. Bf8 g6 45. Rc7 f5 46. Rg7 Rb6 47. Rd7+ Ke6 {White lost on time} 0-1

[Event "Winnipeg op"]
[Site "Winnipeg CAN"]
[Date "2017.06.06"]
[Round "1"]
[White "Schulz, Waldemar"]
[Black "Piche, Zachary"]
[Result "1-0"]
[WhiteElo "2011"]
[BlackElo "1456"]
[WhiteFideId "-1"]
[WhiteFideId "-1"]
[PlyCount "67"]
[GameId "2160767908411234"]
[EventDate "2017.06.06"]
[EventType "swiss"]
[EventRounds "8"]
[EventCountry "CAN"]
[SourceTitle "EXT 2022"]
[Source "ChessBase"]
[SourceDate "2021.10.06"]
[SourceVersion "1"]
[SourceVersionDate "2021.10.06"]
[SourceQuality "1"]

1. d4 Nf6 2. Nf3 e6 3. c4 b6 4. g3 Bb7 5. Bg2 c5 6. O-O d5 7. cxd5 Bxd5 8. Nc3 Bb7 9. Bg5 cxd4 10. Qxd4 Qxd4 11. Nxd4 Bxg2 12. Kxg2 Be7 13. Ncb5 Na6 14. Nc6 h6 15. Be3 Nd5 16. Bd4 O-O 17. e4 Bc5 18. exd5 Bxd4 19. Nbxd4 exd5 20. Rfe1 Nc5 21. Ne7+ Kh8 22. Ndc6 Nd3 23. Re2 Rfe8 24. Rd1 Nc5 25. Rxd5 Kh7 26. Kf1 g6 27. Rdd2 Kg7 28. h4 h5 29. b4 Ne6 30. Rd7 a6 31. Nd5 b5 32. Nb6 Rab8 33. Nxb8 Rxb8 34. Rxe6 1-0

[Event "Winnipeg op"]
[Site "Winnipeg CAN"]
[Date "2017.06.06"]
[Round "1"]
[White "Swift, Ryne"]
[Black "Stark, Jamie"]
[Result "1-0"]
[WhiteElo "1927"]
[BlackElo "1213"]
[WhiteFideId "-1"]
[WhiteFideId "-1"]
[PlyCount "89"]
[GameId "2160767908411235"]
[EventDate "2017.06.06"]
[EventType "swiss"]
[EventRounds "8"]
[EventCountry "CAN"]
[SourceTitle "EXT 2022"]
[Source "ChessBase"]
[SourceDate "2021.10.06"]
[SourceVersion "1"]
[SourceVersionDate "2021.10.06"]
[SourceQuality "1"]

1. e4 e5 2. Nf3 d6 3. c3 Nf6 4. Qc2 g6 5. d4 Nc6 6. Bb5 Bd7 7. O-O Bg7 8. Bxc6 Bxc6 9. d5 Bb5 10. c4 Bd7 11. Nbd2 O-O 12. b4 b6 13. Bb2 c6 14. Qd3 cxd5 15. cxd5 a6 16. a4 b5 17. a5 Rc8 18. Rfc1 Qe7 19. Qe3 Bg4 20. Qb6 Bxf3 21. Nxf3 Bh6 22. Rc6 Ra8 23. Bxe5 dxe5 24. Rxf6 Bg7 25. Rc6 Qxb4 26. d6 Qxe4 27. Rd1 Qe2 28. Re1 Qb2 29. h3 b4 30. d7 b3 31. Qb7 Qa2 32. Qxa8 Rxa8 33. Rc8+ Rxc8 34. dxc8=Q+ Bf8 35. Qb8 b2 36. Nd2 Kg7 37. Qxe5+ f6 38. Qc7+ Kg8 39. Qc4+ Qxc4 40. Nxc4 Bb4 41. Rb1 Bc3 42. Nxb2 Bxa5 43. Nc4 Bc3 44. Rb6 a5 45. Ra6 1-0

[Event "Winnipeg op"]
[Site "Winnipeg CAN"]
[Date "2017.06.06"]
[Round "1"]
[White "Wolchock, Theo"]
[Black "Czarny, Keith"]
[Result "1-0"]
[WhiteElo "2103"]
[BlackElo "1664"]
[WhiteFideId "-1"]
[WhiteFideId "-1"]
[PlyCount "115"]
[GameId "2160767908411236"]
[EventDate "2017.06.06"]
[EventType "swiss"]
[EventRounds "8"]
[EventCountry "CAN"]
[SourceTitle "EXT 2022"]
[Source "ChessBase"]
[SourceDate "2021.10.06"]
[SourceVersion "1"]
[SourceVersionDate "2021.10.06"]
[SourceQuality "1"]

1. c4 Nf6 2. g3 g6 3. Bg2 Bg7 4. Nc3 O-O 5. d4 c6 6. e4 d6 7. Nge2 Nbd7 8. O-O Nb6 9. b3 Bg4 10. f3 Bd7 11. Be3 Re8 12. Qd2 Rc8 13. Rad1 Rc7 14. e5 Nfd5 15. cxd5 dxe5 16. dxe5 cxd5 17. Bxb6 axb6 18. Nxd5 Rc5 19. f4 Qb8 20. b4 Rcc8 21. Nxb6 Qa7 22. Qxd7 Qxb6+ 23. Qd4 Qb5 24. Nc3 Qa6 25. Qe3 Rc4 26. Rf2 Rec8 27. Nd5 Qe6 28. Nb6 Rc3 29. Qd4 R8c7 30. Qd8+ Bf8 31. Nd7 Rc8 32. Qb6 Qc4 33. Bd5 Qa6 34. Qxa6 bxa6 35. Rfd2 e6 36. Nxf8 Rxf8 37. Bb3 Rc6 38. Rd8 Rb6 39. Rxf8+ Kxf8 40. Rd4 Ke7 41. Kf2 h6 42. Ke3 g5 43. Kd3 f6 44. Rd6 Rxd6+ 45. exd6+ Kxd6 46. Bc4 gxf4 47. gxf4 e5 48. fxe5+ Kxe5 49. Bxa6 Kd5 50. Bb7+ Kd6 51. a4 Kc7 52. Be4 Kb6 53. Kc4 h5 54. a5+ Kc7 55. b5 h4 56. b6+ Kb8 57. a6 f5 58. a7+ 1-0

[Event "Winnipeg op"]
[Site "Winnipeg CAN"]
[Date "2017.06.13"]
[Round "2"]
[White "Beach, Brock"]
[Black "Wolchock, Theo"]
[Result "1-0"]
[WhiteElo "1869"]
[BlackElo "2103"]
[WhiteFideId "-1"]
[WhiteFideId "-1"]
[PlyCount "111"]
[GameId "2160767908411237"]
[EventDate "2017.06.06"]
[EventType "swiss"]
[EventRounds "8"]
[EventCountry "CAN"]
[SourceTitle "EXT 2022"]
[Source "ChessBase"]
[SourceDate "2021.10.06"]
[SourceVersion "1"]
[SourceVersionDate "2021.10.06"]
[SourceQuality "1"]

1. d4 Nf6 2. c4 e6 3. Nf3 c5 4. d5 b5 5. dxe6 fxe6 6. cxb5 d5 7. e3 Bb7 8. Nc3 Bd6 9. Be2 O-O 10. O-O Qe7 11. b3 Nbd7 12. Bb2 Rae8 13. Qc2 e5 14. e4 d4 15. Bc4+ Kh8 16. Nd5 Nxd5 17. exd5 Rxf3 18. gxf3 Qg5+ 19. Kh1 Qh5 20. Rg1 e4 21. f4 Bxf4 22. Rg2 Nf6 23. Qd1 Qxd1+ 24. Rxd1 Nxd5 25. a3 Nf6 26. Be2 d3 27. Bxf6 gxf6 28. Bg4 Re5 29. Be2 Bd5 30. Bg4 e3 31. fxe3 Bxg2+ 32. Kxg2 Rxe3 33. Bf5 Be5 34. Rxd3 Rxd3 35. Bxd3 Kg7 36. h3 h6 37. Kf3 Kf7 38. Bc4+ Ke7 39. Ke4 Bb2 40. a4 Bc3 41. Kd5 Bb4 42. Kc6 Kd8 43. Kb7 f5 44. Kxa7 Be1 45. b6 Bg3 46. b7 Bc7 47. b8=Q+ Bxb8+ 48. Kxb8 f4 49. a5 h5 50. a6 h4 51. a7 f3 52. a8=Q f2 53. Qd5+ Ke8 54. Qe6+ Kd8 55. Qf6+ Kd7 56. Bb5# 1-0

[Event "Winnipeg op"]
[Site "Winnipeg CAN"]
[Date "2017.06.13"]
[Round "2"]
[White "Boron, Anthony"]
[Black "Swift, Ryne"]
[Result "1-0"]
[WhiteElo "2058"]
[BlackElo "1927"]
[WhiteFideId "-1"]
[WhiteFideId "-1"]
[PlyCount "56"]
[GameId "2160767908411238"]
[EventDate "2017.06.06"]
[EventType "swiss"]
[EventRounds "8"]
[EventCountry "CAN"]
[SourceTitle "EXT 2022"]
[Source "ChessBase"]
[SourceDate "2021.10.06"]
[SourceVersion "1"]
[SourceVersionDate "2021.10.06"]
[SourceQuality "1"]

1. e4 e5 2. Bc4 Nc6 3. Nc3 Nf6 4. Nf3 Bc5 5. d3 h6 6. O-O d6 7. h3 O-O 8. Na4 Bb6 9. Nxb6 axb6 10. a3 Qe7 11. Bd2 Be6 12. Bxe6 Qxe6 13. Nh4 Ne7 14. g4 d5 15. f3 Nd7 16. Kh2 g5 17. Nf5 Nxf5 18. gxf5 Qc6 19. Rg1 f6 20. h4 Kf7 21. f4 dxe4 22. Qh5+ Ke7 23. Bb4+ Nc5 24. Qxh6 e3 25. fxe5 fxe5 26. Qg7+ Kd6 27. Rxg5 Kd5 28. Rd1 Na4 1-0

[Event "Winnipeg op"]
[Site "Winnipeg CAN"]
[Date "2017.06.13"]
[Round "2"]
[White "Czypinski, Jaroslaw"]
[Black "Baron, Gustav"]
[Result "0-1"]
[WhiteElo "1959"]
[BlackElo "2151"]
[WhiteFideId "-1"]
[WhiteFideId "-1"]
[PlyCount "39"]
[GameId "2160767740940924"]
[EventDate "2017.06.06"]
[EventType "swiss"]
[EventRounds "8"]
[EventCountry "CAN"]

1. e4 c6 2. d4 d5 3. Nc3 dxe4 4. Nxe4 Bf5 5. Bd3 Bxe4 6. Bxe4 Nf6 7. Bd3 e6 8. Nf3 Nbd7 9. O-O Bd6 10. Re1 Qc7 11. c3 h6 12. Qe2 O-O-O 13. c4 g5 14. Ne5 Nxe5 15. dxe5 Bxe5 16. g3 Bd4 17. Be3 Qe5 18. Qc2 Bxe3 19. Rxe3 Qc7 20. Re4 {[etc. Black won in moves. ]} 0-1

[Event "Winnipeg op"]
[Site "Winnipeg CAN"]
[Date "2017.06.13"]
[Round "2"]
[White "Evans, Jason"]
[Black "Lei, Yanyu"]
[Result "1-0"]
[WhiteElo "1619"]
[BlackElo "1261"]
[WhiteFideId "-1"]
[WhiteFideId "-1"]
[PlyCount "121"]
[GameId "2160767908411239"]
[EventDate "2017.06.06"]
[EventType "swiss"]
[EventRounds "8"]
[EventCountry "CAN"]
[SourceTitle "EXT 2022"]
[Source "ChessBase"]
[SourceDate "2021.10.06"]
[SourceVersion "1"]
[SourceVersionDate "2021.10.06"]
[SourceQuality "1"]

1. e4 e6 2. d4 d5 3. Nd2 Nc6 4. c3 b6 5. Bd3 Bb7 6. e5 Qd7 7. Ngf3 O-O-O 8. O-O f6 9. Bb5 Nge7 10. Qe2 Kb8 11. a4 Qc8 12. b4 g5 13. exf6 g4 14. Ne5 Nxe5 15. dxe5 Ng6 16. Nb3 h5 17. g3 c6 18. Bd3 Rg8 19. Qc2 Nxe5 20. Bf4 Bd6 21. Bxe5 Bxe5 22. f7 Rgf8 23. Rae1 Bd6 24. Bg6 Rh8 25. Nd4 e5 26. Bf5 Qc7 27. Ne6 Qxf7 28. Nxd8 Rxd8 29. Bg6 Qf6 30. Bxh5 Qg5 31. Qg6 Qxg6 32. Bxg6 d4 33. cxd4 exd4 34. Bd3 Bxb4 35. Re4 c5 36. Rxg4 Bc6 37. h4 Bxa4 38. h5 a5 39. h6 Bb3 40. h7 c4 41. Rg8 Rxg8 42. hxg8=Q+ Kb7 43. Bxc4 Bxc4 44. Qxc4 Bc5 45. Re1 Kc6 46. Re6+ Kb7 47. g4 d3 48. Qxd3 a4 49. Qe4+ Ka6 50. Qxa4+ Kb7 51. Re7+ Bxe7 52. Qd7+ Ka6 53. Qxe7 b5 54. Qb4 Kb6 55. g5 Kc6 56. g6 Kd5 57. g7 Kc6 58. g8=Q Kb6 59. Qe6+ Kc7 60. Qbe7+ Kb8 61. Qg8# 1-0

[Event "Winnipeg op"]
[Site "Winnipeg CAN"]
[Date "2017.06.13"]
[Round "2"]
[White "Green, Jim"]
[Black "Gannon, Keith"]
[Result "1-0"]
[WhiteElo "1884"]
[BlackElo "1618"]
[WhiteFideId "-1"]
[WhiteFideId "-1"]
[PlyCount "69"]
[GameId "2160767908411240"]
[EventDate "2017.06.06"]
[EventType "swiss"]
[EventRounds "8"]
[EventCountry "CAN"]
[SourceTitle "EXT 2022"]
[Source "ChessBase"]
[SourceDate "2021.10.06"]
[SourceVersion "1"]
[SourceVersionDate "2021.10.06"]
[SourceQuality "1"]

1. e4 c5 2. Nf3 d6 3. Bb5+ Bd7 4. Bxd7+ Nxd7 5. O-O Ngf6 6. Qe2 e5 7. c3 Be7 8. d4 cxd4 9. cxd4 O-O 10. Nc3 a6 11. Bg5 h6 12. Bh4 Re8 13. Rfd1 Qc7 14. Rac1 Rac8 15. h3 Qc4 16. Qe3 Qc7 17. dxe5 Nxe5 18. Nxe5 dxe5 19. Bxf6 Bxf6 20. Nd5 Qd8 21. Rxc8 Qxc8 22. Nxf6+ gxf6 23. Qxh6 Qc2 24. Re1 Qxb2 25. Re3 Qc1+ 26. Kh2 Qxe3 27. Qxe3 Kg7 28. g4 Re6 29. g5 fxg5 30. Qxg5+ Kf8 31. h4 f6 32. Qh6+ Kg8 33. Qg6+ Kf8 34. h5 Rc6 35. h6 1-0

[Event "Winnipeg op"]
[Site "Winnipeg CAN"]
[Date "2017.06.13"]
[Round "2"]
[White "Hemphill, Jim"]
[Black "Trueman, Francis"]
[Result "1-0"]
[WhiteElo "1762"]
[BlackElo "1424"]
[WhiteFideId "-1"]
[WhiteFideId "-1"]
[PlyCount "23"]
[GameId "2160767740940925"]
[EventDate "2017.06.06"]
[EventType "swiss"]
[EventRounds "8"]
[EventCountry "CAN"]

1. d4 Nf6 2. Bf4 d6 3. e3 Nbd7 4. Nf3 g6 5. Nbd2 Bg7 6. Be2 O-O 7. h3 Re8 8. c3 e5 9. dxe5 dxe5 10. Bh2 e4 11. Nd4 c6 12. Nc4 {[etc. White won in moves. ]} 1-0

[Event "Winnipeg op"]
[Site "Winnipeg CAN"]
[Date "2017.06.13"]
[Round "2"]
[White "Khedkar, Jay"]
[Black "Nones, Teodulfo II"]
[Result "0-1"]
[WhiteElo "2087"]
[BlackElo "2281"]
[WhiteFideId "-1"]
[WhiteFideId "-1"]
[PlyCount "21"]
[GameId "2160767908411241"]
[EventDate "2017.06.06"]
[EventType "swiss"]
[EventRounds "8"]
[EventCountry "CAN"]
[SourceTitle "EXT 2022"]
[Source "ChessBase"]
[SourceDate "2021.10.06"]
[SourceVersion "1"]
[SourceVersionDate "2021.10.06"]
[SourceQuality "1"]

1. d4 g6 2. c4 Bg7 3. Nc3 d6 4. e4 Nd7 5. Nf3 e5 6. Be2 Ne7 7. O-O O-O 8. Bg5 h6 9. Be3 g5 10. Ne1 Ng6 11. Nc2 0-1

[Event "Winnipeg op"]
[Site "Winnipeg CAN"]
[Date "2017.06.13"]
[Round "2"]
[White "Leaden, Bruce"]
[Black "Einarsson, Ken"]
[Result "1/2-1/2"]
[WhiteElo "1656"]
[BlackElo "1776"]
[WhiteFideId "-1"]
[WhiteFideId "-1"]
[PlyCount "91"]
[GameId "2160767908411242"]
[EventDate "2017.06.06"]
[EventType "swiss"]
[EventRounds "8"]
[EventCountry "CAN"]
[SourceTitle "EXT 2022"]
[Source "ChessBase"]
[SourceDate "2021.10.06"]
[SourceVersion "1"]
[SourceVersionDate "2021.10.06"]
[SourceQuality "1"]

1. e4 c6 2. d4 d5 3. exd5 cxd5 4. Bd3 Nf6 5. Bg5 Nc6 6. c3 Bg4 7. Nf3 Ne4 8. Be3 e6 9. Nbd2 Bf5 10. Qb3 Nxd2 11. Kxd2 Bxd3 12. Kxd3 Qc7 13. Rac1 Bd6 14. Rhe1 O-O 15. g3 Na5 16. Qc2 Rfe8 17. Ke2 Qc4+ 18. Kd1 b6 19. b3 Qa6 20. Bf4 Ba3 21. Ng5 g6 22. Rb1 Be7 23. Qe2 Qxe2+ 24. Rxe2 Rac8 25. Kc2 Nc6 26. Kb2 Bf6 27. Nf3 b5 28. Bg5 Bg7 29. Ne5 Ne7 30. Nd3 Nf5 31. Be3 a5 32. a3 Rc7 33. Rc1 Rec8 34. Rec2 Nd6 35. Bf4 Rc6 36. Ne5 Bxe5 37. Bxe5 a4 38. Bxd6 Rxd6 39. b4 Kg7 40. f4 f5 41. Re1 Kf6 42. Rce2 Re8 43. h3 h5 44. h4 Rc6 45. Re3 Rec8 46. Kc2 1/2-1/2

[Event "Winnipeg op"]
[Site "Winnipeg CAN"]
[Date "2017.06.13"]
[Round "2"]
[White "Letain, Cory"]
[Black "Reimer, Bruce"]
[Result "0-1"]
[WhiteElo "1632"]
[BlackElo "1692"]
[WhiteFideId "-1"]
[WhiteFideId "-1"]
[PlyCount "71"]
[GameId "2160767908411243"]
[EventDate "2017.06.06"]
[EventType "swiss"]
[EventRounds "8"]
[EventCountry "CAN"]
[SourceTitle "EXT 2022"]
[Source "ChessBase"]
[SourceDate "2021.10.06"]
[SourceVersion "1"]
[SourceVersionDate "2021.10.06"]
[SourceQuality "1"]

1. d4 d6 2. c4 g6 3. Nc3 Bg7 4. e4 e5 5. d5 c6 6. f4 Nf6 7. fxe5 dxe5 8. Nf3 Bg4 9. h3 Bxf3 10. Qxf3 O-O 11. Bd3 Nbd7 12. O-O a5 13. Be3 h6 14. a3 Qe7 15. Rab1 Nh7 16. c5 Nxc5 17. Bxc5 Qxc5+ 18. Qf2 Qd4 19. Bc2 Qxf2+ 20. Rxf2 Rfd8 21. Rbf1 Rd7 22. dxc6 bxc6 23. Bb3 Raa7 24. Na4 Bf8 25. Nb6 Rdb7 26. Nc8 Ra8 27. Bxf7+ Kg7 28. Be6 Bc5 29. Kh2 Bxf2 30. Rxf2 Ng5 31. Nd6 Re7 32. Ba2 Rd8 33. Nc4 a4 34. Na5 Rc7 35. Nc4 Nf7 36. Ne3 0-1

[Event "Winnipeg op"]
[Site "Winnipeg CAN"]
[Date "2017.06.13"]
[Round "2"]
[White "Piche, Jeremie"]
[Black "Jenkins, Mark"]
[Result "0-1"]
[WhiteElo "1686"]
[BlackElo "1409"]
[WhiteFideId "-1"]
[WhiteFideId "-1"]
[PlyCount "88"]
[GameId "2160767908411244"]
[EventDate "2017.06.06"]
[EventType "swiss"]
[EventRounds "8"]
[EventCountry "CAN"]
[SourceTitle "EXT 2022"]
[Source "ChessBase"]
[SourceDate "2021.10.06"]
[SourceVersion "1"]
[SourceVersionDate "2021.10.06"]
[SourceQuality "1"]

1. e4 c6 2. d3 d5 3. Nd2 e5 4. Ngf3 Qc7 5. g3 Bg4 6. Bg2 Nf6 7. h3 Bh5 8. O-O Be7 9. Qe2 Nbd7 10. g4 Bg6 11. Nh4 O-O 12. Nf5 Bxf5 13. exf5 Kh8 14. g5 Ng8 15. Qg4 f6 16. h4 Bc5 17. Nf3 Rae8 18. Re1 Re7 19. Be3 Rfe8 20. Bxc5 Nxc5 21. Nd2 Qa5 22. Nb3 Qa4 23. Qg3 Nxb3 24. axb3 Qb4 25. Bf3 e4 26. Qf4 Qd4 27. Bh5 fxg5 28. hxg5 Rf8 29. dxe4 Rxe4 30. Rxe4 Qxe4 31. Qxe4 dxe4 32. Rxa7 Rxf5 33. Rxb7 Rxg5+ 34. Kf1 Rxh5 35. Rc7 Rh6 36. Ke2 Rf6 37. Ke3 h5 38. Kxe4 h4 39. f4 Nh6 40. Kf3 Nf5 41. Kg4 Ne3+ 42. Kxh4 Ng2+ 43. Kg4 Nxf4 44. Kg5 Ne6+ 0-1